000 00929nam a2200205 a 4500
001 54924
005 20180714050022.0
008 140415s2004 sp 000 0 spa d
020 _a8427714092
041 _aspa
082 _a371.3028
_bONT
100 1 _aOntoria Peña, Antonio,.
245 1 0 _aAPRENDER CON MAPAS MENTALES :
_bUNA ESTRATEGIA PARA PENSAR Y ESTUDIAR
250 _a3a ed.
260 _aESPAÑA :
_bNARCEA, S. A. DE EDICIONES,
_c2004
300 _a357
_c21.5 x 15 x 0.7
520 _aEL FUNCIONAMIENTO GLOBAL DEL CEREBRO EN LA ACTIVIDAD DE APRENDER Y PENSAR, SE CONECTA CON LA IDEA DE LA TOTALIDAD EN LA CONSTRUCCIÓN DEL CONOCIMIENTO. LOS MAPAS MENTALES SON UNA NUEVA TÉCNICA/ESTRTEGIA CREADA PARA LLEVAR A LA PRÁCTICA ESTE ENFOQUE DEL APRENDIZAJE
650 1 4 _aEVALUACION EDUCATIVA
_xPROCESOS COGNOSCITIVOS
_xPSICOLOGIA EDUCATIVA
700 1 _aGOMEZ, JUAN PEDRO R. -LUQUE, ANGELA DE
_ecoaut.
999 _c54924
_d54924